00797nam a2200217 i 4500001000300000245014600003260003900149300004600188504003600234650001400270650002700284655001700311700002200328020002900350020002200379040000800401041000700409080002400416008004100440856009800481bg00aWielka encyklopedia geografii świata.nT. 13,pZwierzęta Ziemi /c[aut. tomu] Tomasz Umiński ; kom. nauk. Andrzej Kostrzewski [et al.]. aPoznań :bWydaw. Kurpisz,c1998. aVI, 350 s. :bfot., rys. kolor. ;c30 cm. aBibliogr. s. 341-342. - Indeks. 9aGeografia 9aZwierzętaxgeografia aEncyklopedie1 aUMIŃSKI, Tomasz a8386600373 (całość) a8387621323 (t.13) cBPK0 apl a913(100):591.9](03) s pl f |000 0 pol  uhttp://koha.tu.koszalin.pl/cgi-bin/koha/opac-detail.pl?biblionumber=33899yKatalog online BPK